| Поле | Инд. | ПП | Название | Значение |
|---|---|---|---|---|
| Тип записи | a | |||
| Библиографический уровень | a | |||
| 001 | Контрольный номер | RU/IS/BASE/158849452 | ||
| 005 | Дата корректировки | 20231225152729.8 | ||
| 084 | a | Индекс другой классификации/Индекс ББК | 53.59г(2); 63.3(2)-7 | |
| 090 | 00 | a | Полочн. индекс | 63.5(2=Рус) |
| x | Авторский знак | Р 893 | ||
| 100 | 10 | a | Автор | Дмитриева С. И. |
| 245 | 00 | a | Заглавие | Традиционная народно-медицинская практика |
| 650 | 04 | a | Основная рубрика | исторические науки |
| a | Основная рубрика | этнология (этнография) | ||
| 653 | 00 | a | Ключевые слова | агиография |
| a | Ключевые слова | болезни | ||
| a | Ключевые слова | врачебники | ||
| a | Ключевые слова | здоровье | ||
| a | Ключевые слова | знахарство | ||
| a | Ключевые слова | иррациональное | ||
| a | Ключевые слова | история | ||
| a | Ключевые слова | история медицины | ||
| a | Ключевые слова | лекарственные средства | ||
| a | Ключевые слова | лечебная магия | ||
| a | Ключевые слова | народная медицина | ||
| a | Ключевые слова | народно-медицинская практика | ||
| a | Ключевые слова | Россия | ||
| 773 | 00 | d | Дата издания источника | Москва, 1999 |
| g | Прочая информация | С. 760-772 | ||
| t | Заглавие источника | Русские | ||
| w | Контрольный № источника | RU/IS/BASE/102094566 | ||
| 901 | t | Тип документа | a |